| 000 | 00502nam a2200145Ia 4500 | ||
|---|---|---|---|
| 008 | 140724s9999 xx 000 0 und d | ||
| 050 |
_aTK 3001 _b.N753 2012 |
||
| 100 | _aNobleza, Natasha. | ||
| 245 |
_aAutomated reservation and billing system of Severina Travel Services / _cNatasha Nobleza. |
||
| 260 |
_aLas PiƱas, Philippines : _bSouthville International School and Colleges, _cc2012. |
||
| 300 |
_a87 p. : _bill. ; _c28 cm. |
||
| 521 | _aInformation Technology | ||
| 942 | _cTH | ||
| 999 |
_c228823 _d228823 |
||